Despejando el aire: perspectivas sobre el humo de tabaco en el ambiente

Salvato in:
Dettagli Bibliografici
Autore principale: Tollison, Robert D (Autore)
Natura: Libro
Lingua:spagnolo
Pubblicazione: Lexington Lexington Books 1989
Soggetti:
Tags: Aggiungi Tag
Nessun Tag, puoi essere il primo ad aggiungerne!!

MARC

LEADER 00000nam a2200000 a 4500
001 UCV0907
003 CL-VaPUC
008 890718e19890000us |||||||||||||||||spa|d
082 0 4 |a 614.712  |b TOL  |2 21 
100 0 |a Tollison, Robert D  |e author  |9 295240 
245 1 0 |a Despejando el aire: perspectivas sobre el humo de tabaco en el ambiente 
300 |a 176 p 
942 |c BK 
945 |d 19890718 00:00:00 
260 |a Lexington  |b Lexington Books  |c 1989 
650 0 |a Contaminación del aire   |9 255745 
650 7 |a HABITO DE FUMAR  |2 CL-VaPUC  |9 255746 
583 |a last modification  |c 20171227 01:46:04  |k Rodrigo Vera 
999 |c 209086  |d 209084 
952 |0 0  |1 0  |2 ddc  |4 0  |6 614_712000000000000_TOL_1989  |7 0  |8 P  |9 184234  |a BIBCUR  |b BIBCUR  |c PAC  |d 2019-11-14  |i 2513870  |o 614.712 TOL 1989  |p 2513870  |r 2025-04-22  |w 2019-11-14  |y BK  |k CIM 
952 |0 0  |1 0  |4 0  |6 614_712000000000000_TOL_1989  |7 0  |8 A  |9 184235  |a BIBCUR  |b BIBCUR  |d 2019-11-14  |i 2513889  |o 614.712 TOL 1989  |p 2513889  |r 2025-04-22  |w 2019-11-14  |y BK  |k BCB 
952 |0 0  |1 0  |4 0  |6 614_712000000000000_TOL_1989  |7 0  |8 P  |9 184236  |a BIBDER  |b BIBDER  |d 2019-11-14  |i 2513897  |o 614.712 TOL 1989  |p 2513897  |r 2023-01-25  |w 2019-11-14  |y BK  |k DER